Juventus FC Squad 2025-2026 - Statistics

General Stats
  • This quiz has been taken 712 times
    350 since last reset
  • The average score is 25 of 31
Answer Stats
# Position Nation Player % Correct
9 FW Serbia Dušan Vlahović
96%
10 FW Turkey Kenan Yıldız
96%
3 DF Brazil Bremer
95%
16 GK Italy Michele Di Gregorio
94%
22 MF United States Weston McKennie
94%
7 FW Portugal Francisco Conceição
90%
5 MF Italy Manuel Locatelli
90%
4 DF Italy Federico Gatti
89%
30 FW Canada Jonathan David
89%
6 DF England Lloyd Kelly
89%
14 FW Poland Arkadiusz Milik
88%
1 GK Italy Mattia Perin
88%
8 MF Netherlands Teun Koopmeiners
88%
19 MF France Khéphren Thuram
87%
15 DF France Pierre Kalulu
87%
20 FW Belgium Loïs Openda
85%
- Coach Italy Luciano Spalletti
85%
18 MF Serbia Filip Kostić
83%
- Coach Croatia Igor Tudor
82%
11 FW Kosovo Edon Zhegrova
80%
27 DF Italy Andrea Cambiaso
78%
17 MF Montenegro Vasilije Adžić
76%
13 FW Ivory Coast Jérémie Boga
75%
32 DF Colombia Juan Cabal
74%
23 GK Italy Carlo Pinsoglio
72%
21 MF Italy Fabio Miretti
72%
2 DF Sweden Emil Holm
71%
25 DF Portugal João Mário
62%
24 DF Italy Daniele Rugani
60%
40 DF Sweden Jonas Rouhi
50%
- Coach Italy Massimo Brambilla
30%
No matching quizzes found
Score Distribution
Percent of People with Each Score
Percentile by Number Answered
Your Score History
You have not taken this quiz since the last reset